Normal view
MARC view
- Business- Decision Making
Entry Topical Term
001 - CONTROL NUMBER
- control field: 3238
003 - CONTROL NUMBER IDENTIFIER
- control field: JO-AjAnu
005 - DATE AND TIME OF LATEST TRANSACTION
- control field: 20230606070831.0
008 - FIXED-LENGTH DATA ELEMENTS
- fixed length control field: 230606|| aca||aabn | a|a d
040 ## - CATALOGING SOURCE
- Original cataloging agency: JO-AjAnu
- Transcribing agency: JO-AjAnu
150 ## - HEADING--TOPICAL TERM
- Topical term or geographic name entry element: Business- Decision Making
670 ## - SOURCE DATA FOUND
- Source citation: Work cat.: (JO-AjAnu)1694: Gordon.gillbert/Israel pressman/Sanford Cohn, author 3237, Quantitative Decision Making for Business